Centrum chorvátskej kultúry, Jarovce

Enregistré dans:
Détails bibliographiques
Auteur principal: Gernicová, Kristína (Auteur)
Autres auteurs: Alexy, Andrej (Directeur de thèse)
Format: Manuscrit Livre
Langue:slovaque
Publié: 2025
Sujets:
Accès en ligne:http://is.stuba.sk/zp/portal_zp.pl?podrobnosti=168226
Tags: Ajouter un tag
Pas de tags, Soyez le premier à ajouter un tag!

MARC

LEADER 00000ntm a22000003a 4500
001 stuzp105026
003 SK-STU
005 20250614213535.8
007 ta
008 150427s2015----xo-----f-mn---000-0-slo-d
040 |a STU  |b slo 
041 0 |a slo 
100 1 |a Gernicová, Kristína  |u 054140  |4 aut  |U FAD Fakulta architektúry a dizajnu  |T FAD Ústav konštrukcií v architektúre a inžinierskych stavieb  |X 115559  |U A4140  |Y 395  |7 115559 
242 0 1 |a Croatian Cultural Center, Jarovce  |y eng 
245 1 0 |a Centrum chorvátskej kultúry, Jarovce 
260 |c 2025 
650 4 |a cultural center  |2 eng 
650 4 |a rain garden  |2 eng 
650 4 |a wooden building  |2 eng 
650 4 |a Kultúrne centrum  |2 slo 
650 4 |a Dážďová záhrada  |2 slo 
650 4 |a Drevostavba  |2 slo 
700 1 |a Alexy, Andrej  |u 054140  |k Z8  |4 ths  |U FAD Fakulta architektúry a dizajnu  |T FAD Ústav konštrukcií v architektúre a inžinierskych stavieb  |X 4185  |U A4140  |Y 395  |7 A000004185 
856 4 |u http://is.stuba.sk/zp/portal_zp.pl?podrobnosti=168226